Catálogo público

Biología celular y molecular / (Record no. 233142)

MARC details
000 -CABECERA
campo de control de longitud fija 04287nam a2200409 4500
003 - IDENTIFICADOR DEL NÚMERO DE CONTROL
campo de control OSt
005 - FECHA Y HORA DE LA ÚLTIMA TRANSACCIÓN
campo de control 20260213142528.0
008 - DATOS DE LONGITUD FIJA--INFORMACIÓN GENERAL
campo de control de longitud fija 260203s 2012mx adk||r|||| 00| 0 spa d
020 ## - NÚMERO INTERNACIONAL ESTÁNDAR DEL LIBRO
Número Internacional Estándar del Libro 978-607-32-0995-3
040 ## - FUENTE DE LA CATALOGACIÓN
Centro catalogador/agencia de origen CHAP
Centro/agencia transcriptor PA
Normas de descripción rda
041 ## - CÓDIGO DE LENGUA
Código de lengua del texto/banda sonora o título independiente spa
Código de lengua del sumario o resumen spa
Código de lengua de la tabla de contenido spa
Código de lengua original spa
082 00 - NÚMERO DE LA CLASIFICACIÓN DECIMAL DEWEY
Número de clasificación PA 578.87
Número de documento/Ítem .B43 2012
100 1# - ENTRADA PRINCIPAL--NOMBRE DE PERSONA
Nombre de persona Becker, Wayne M.
9 (RLIN) 131102
245 ## - MENCIÓN DE TÍTULO
Título Biología celular y molecular /
Mención de responsabilidad, etc. Wayne M. Becker, Lewis J. Kleinsmith, Jeff Hardin, William S. Klug, Michael R. Cummings, Charlotte A. Spencer, Teresa Audesirk, Gerald Audesirk, Bruce E. Byers, Jaime González Poggio, Alberto García González,
264 ## - PRODUCCIÓN, PUBLICACIÓN, DISTRIBUCIÓN, FABRICACIÓN Y COPYRIGHT
Producción, publicación, distribución, fabricación y copyright México :
Nombre del de productor, editor, distribuidor, fabricante Pearson,
Fecha de producción, publicación, distribución, fabricación o copyright 2012
300 ## - DESCRIPCIÓN FÍSICA
Extensión xxxi, 981 páginas :
Otras características físicas ilustraciones, gráficas;
336 ## - TIPO DE CONTENIDO
Fuente rdacontent
Término de tipo de contenido texto
Código de tipo de contenido txt
337 ## - TIPO DE MEDIO
Fuente rdamedia
Nombre/término del tipo de medio sin medio
Código del tipo de medio n
338 ## - TIPO DE SOPORTE
Fuente rdacarrier
Nombre/término del tipo de soporte volumen
Código del tipo de soporte nc
505 ## - NOTA DE CONTENIDO CON FORMATO
Nota de contenido con formato Acerca de los autores.-- Prólogo.-- Agradecimientos. Carta del Rector.-- Capítulo 1 Principios y técnicas de microscopía.-- Capítulo 2 Una visión de la célula.-- Capítulo 3 Células y orgánulos.-- Capítulo 4 La química de la célula.-- Capítulo 5 Las macromoléculas de la célula.-- Capítulo 6 Bionergética: El flujo de energía en la célula.-- Capítulo 7 Enzimas: los catalizadores de la vida.-- Capítulo 8 Membranas: estructura, química y función.-- Capítulo 9 Transporte a través de membrana: saltando la barrera de permeabilidad.-- Capítulo 10 Metabolismo de la energía quimiotrófica: glucólisis, fermentación.-- Capítulo 11 Metabolismo quimiótrofo de la energía: respiración aerobia.-- Capítulo 12. Base estructural de la información celular: DNA, cromosomas y el núcleo.-- Capítulo 13 Expresión génica: I. El código genético y la transcripción.-- Capítulo 14. Expresión génica: II. Síntesis y clasificación de proteínas.-- Capítulo 15. Comportamiento intracelulares: retículo endoplásmico, complejo de golgi, endosomas, lisosomas y peroxisomas.-- Capítulo 16 La regulación de la expresión génica.-- Capítulo 17 El citoesqueleto.-- Capítulo 18 Movimiento celular: motilidad y contractilidad.-- Capítulo 19 Más allá de la célula: estructuras extracelulares, adhesión y uniones celulares.-- Capítulo 20 Mecanismos de transducción de señaI: I. Señales eléctricas en células nerviosas.-- Capítulo 21 Mecanismos de transducción de señales:II. Mensajeros y receptores. Capítulo 22 Ciclo celular, replicación del DNA y mitosis.--Capítulo 23 Reproducción sexual, neiosis y recombinación genética.-- Capítulo 24 Bases celulares y moleculares de genética humana.-- Capítulo del DNA recombinante. Capítulo 26 Genómica y proteómica.-- Capítulo 27 Defensa contra la enfermedad.-- Capítulo 28 Bases celulares y moleculares del envejecimiento.-- Capítulo 29 Células cancerosas.
520 ## - SUMARIO, ETC.
Sumario, etc. El presente libro actualiza nuevos temas como: Bases celulares y moleculares en genética humana, Bases celulares y moleculares en envejecimiento y Conceptos básicos en inmunología.<br/>Los conceptos y contenidos permiten al estudiante y al médico profesional adquirir los conocimientos básicos de la célula, su estructura y funciones, los cuales explican los procesos normales y anormales del cuerpo humano. <br/>Este material permite relacionarlos con las disciplinas de química, bioquímica, histología, anatomía, fisiología y microbiología.<br/>El orden de los contenidos generales llevan a la comprensión de la célula, siendo esto: biomoléculas que la componen, clasificación de las células, métodos utilizados en la biología celular y molecular, estructuras y organelos, tipos de división celular, conceptos básicos de genética, envejecimiento y cáncer.
534 ## - NOTA SOBRE LA VERSIÓN ORIGINAL
Frase introductoria Título original:
650 #0 - PUNTO DE ACCESO ADICIONAL DE MATERIA--TÉRMINO DE MATERIA
Término de materia o nombre geográfico como elemento de entrada Biología celular
9 (RLIN) 139482
650 #7 - PUNTO DE ACCESO ADICIONAL DE MATERIA--TÉRMINO DE MATERIA
Término de materia o nombre geográfico como elemento de entrada Citología
9 (RLIN) 23489
650 #7 - PUNTO DE ACCESO ADICIONAL DE MATERIA--TÉRMINO DE MATERIA
Término de materia o nombre geográfico como elemento de entrada Biofísica
9 (RLIN) 12735
700 1# - PUNTO DE ACCESO ADICIONAL--NOMBRE DE PERSONA
Nombre de persona Kleinsmith, Lewis J.
9 (RLIN) 131103
700 1# - PUNTO DE ACCESO ADICIONAL--NOMBRE DE PERSONA
Nombre de persona Hardin, Jeff
9 (RLIN) 131104
700 0# - PUNTO DE ACCESO ADICIONAL--NOMBRE DE PERSONA
Nombre de persona Klug, William S.
9 (RLIN) 63482
700 1# - PUNTO DE ACCESO ADICIONAL--NOMBRE DE PERSONA
Nombre de persona Cummings, Michael R.
9 (RLIN) 140614
700 1# - PUNTO DE ACCESO ADICIONAL--NOMBRE DE PERSONA
Nombre de persona Spencer, Charlotte A.
9 (RLIN) 142941
700 0# - PUNTO DE ACCESO ADICIONAL--NOMBRE DE PERSONA
Nombre de persona Audesirk, Teresa
9 (RLIN) 8305
700 0# - PUNTO DE ACCESO ADICIONAL--NOMBRE DE PERSONA
Nombre de persona Audesirk, Gerald
9 (RLIN) 8304
700 0# - PUNTO DE ACCESO ADICIONAL--NOMBRE DE PERSONA
Nombre de persona Byers, Bruce E.
9 (RLIN) 16492
700 ## - PUNTO DE ACCESO ADICIONAL--NOMBRE DE PERSONA
Nombre de persona González Poggio, Jaime
9 (RLIN) 191587
700 0# - PUNTO DE ACCESO ADICIONAL--NOMBRE DE PERSONA
Nombre de persona González Benavente-García, Alberto
9 (RLIN) 48723
942 ## - ELEMENTOS DE PUNTO DE ACCESO ADICIONAL (KOHA)
Fuente del sistema de clasificación o colocación Dewey Decimal Classification
Tipo de ítem Koha Libro
Holdings
Estado de retiro Estado de pérdida Fuente del sistema de clasificación o colocación Estado dañado Restricciones de uso No para préstamo Código de colección Localización permanente Ubicación/localización actual Fecha de adquisición Fuente de adquisición Información codificada de la localización en otra ubicación Número de inventario Total de préstamos Signatura topográfica completa Código de barras Fecha visto por última vez Número de copia Precio válido a partir de Tipo de ítem Koha
    Dewey Decimal Classification   Préstamo interno   General Parasitologia Agricola Parasitologia Agricola 03/02/2026 Compra Libro Consumo   PA 578.87 .B43 2012 4102004191 03/02/2026 Ej.1 03/02/2026 Libro
    Dewey Decimal Classification   Préstamo 3 días   General Parasitologia Agricola Parasitologia Agricola 16/02/2026 Compra Libro Consumo   PA 578.87 .B43 2012 4102004192 16/02/2026 Ej.2 16/02/2026 Libro
    Dewey Decimal Classification   Préstamo 3 días   General Parasitologia Agricola Parasitologia Agricola 16/02/2026 Compra Libro Consumo   PA 578.87 .B43 2012 4102004193 16/02/2026 Ej.3 16/02/2026 Libro
    Dewey Decimal Classification   Préstamo 3 días   General Parasitologia Agricola Parasitologia Agricola 16/02/2026 Compra Libro Consumo   PA 578.87 .B43 2012 4102004194 16/02/2026 Ej.4 16/02/2026 Libro